000 00404nam a22001577a 4500
999 _c257089
_d257088
003 OSt
005 20180731154205.0
008 180731b xxu||||| |||| 00| 0 eng d
010 _a2009924677
020 _a9780312554583
040 _cN/A
100 _aLynn Hunt
245 _aThe Making of the West
_bPeople And Culture:A Concise History
260 _aNew York
_bSt Martin's
_c2010
942 _2lcc
_cBK